000
00447nam a2200181Ia 4500
008
090124s9999 xx 000 0 und d
082
_b
124611
100
_a
रानडे जयंत
245
_a
ट्रॅप
250
_a
1
260
_c
1991
300
_a
193
600
_a
रानडे जयंत
630
_a
ट्रॅप
700
_a
रानडे जयंत
730
_a
ट्रॅप
942
_c
BOOK
999
_c
170698
_d
170698